Catalog

Record Details

Catalog Search



 České dějiny: Historie českého jazyka : Czech history: The history of the Czech language závěrečná práce  Cover Image Book Book

České dějiny: Historie českého jazyka : Czech history: The history of the Czech language závěrečná práce / autor ; vedoucí práce Lenka Štychová 

Rossmannová , Michaela (Author). Montessori ČR (Added Author).

Summary:

Závěrečná práce je zaměřena na oblast kosmické výchovy. Po vzoru velkých kosmických příběhů Marie Montessori a jejího syna Maria představuje historii vývoje českého jazyka. Příběh zachycuje historické události a osobnosti, které významné ovlivnily toto období, ukázky písma pro toto období.

Record details

  • Physical Description: 30 stran : 31 cm

Content descriptions

Dissertation Note:
Závěrečná práce - Montessori ČR, 2016
Bibliography, etc. Note:
Obsahuje bibliografii
Genre: závěrečné práce

Available copies

  • 1 of 1 copy available at Common Catalog SPOK.

Holds

  • 0 current holds with 1 total copy.
Show Only Available Copies
Location Call Number / Copy Notes Barcode Shelving Location Status Due Date
Montessori Library ZP0192 4614610192 Chodba Available -

LDR ntm a22 i 4500
00147021
003CZ-PrJAB
00520200811184722.0
007ta
008 s2016 xr e 000 0 cze
040 . ‡aABG323 ‡bcze ‡erda
0410 . ‡acze
1001 . ‡aRossmannová , Michaela ‡4aut
24510. ‡a České dějiny: Historie českého jazyka : ‡bCzech history: The history of the Czech language závěrečná práce / ‡c autor ; vedoucí práce Lenka Štychová 
264 0. ‡c2016
300 . ‡a30 stran : ‡c31 cm
336 . ‡atext ‡btxt ‡2rdacontent
337 . ‡abez média ‡bn ‡2rdamedia
338 . ‡asvazek ‡bnc ‡2rdacarrier
502 . ‡aZávěrečná práce - Montessori ČR, 2016 
504 . ‡aObsahuje bibliografii
5203 . ‡aZávěrečná práce je zaměřena na oblast kosmické výchovy. Po vzoru velkých kosmických příběhů Marie Montessori a jejího syna Maria představuje historii vývoje českého jazyka. Příběh zachycuje historické události a osobnosti, které významné ovlivnily toto období, ukázky písma pro toto období.
6530 . ‡ačeské dějiny ‡ahistorie českého jazyka ‡akosmická výchova ‡apříběhy ‡aMarie Montessori ‡ahistorické události
655 7. ‡azávěrečné práce ‡7fd186753 ‡2czenas
7102 . ‡aMontessori ČR
85641. ‡yPlný text ‡zPlný text je dostupný pouze členům Montessori ČR
910 . ‡aABG323
901 . ‡a47021 ‡b ‡c47021 ‡tbiblio

Additional Resources